000
00278nam a2200121 a 4500
008
101216s1974|||| d
245
1
0
_a
Od Platóna k Marxovi
100
1
_a
Davidov, Nešo
044
_a
xo
_c
SK
041
_a
slo
020
_c
9
260
_b
Smena
_a
Bratislava
_c
1974
999
_c
15285
_d
15285